00720nam a2200169Ia 4500003000900000005001700009008004100026040002800067110006300095245017400158260008000332300002100412490001900433504002400452650004400476650003000520DO-SdBJH20180415212631.0180414s9999 dr 000 0 spa d aDO-SdBJHbspacDO-SdBJH aInstituto de Cooperación para la Seguridad Hemisférica10aARTEP 7-3- TMP Plan de adiestramiento de la misión para pelotones y escuadras de fusileros de infantería / Instituto de Cooperación para la Seguridad Hemisférica aFuerte Benning, Georgia : Cuartel General Secretaría del Ejército, 1988 av, 403 páginas aARTEP 7-3- TMP aIncluye apéndices 4aAdiestramiento -- Pelotones y escuadras 4aFusileros -- Infantería